[Event "Oberliga Sued W 1314"]
[Site "Germany"]
[Date "2013.12.15"]
[Round "4.6"]
[White "Buermann, Jan"]
[Black "Mink, Jens"]
[Result "1-0"]
[WhiteElo "2116"]
[BlackElo "2199"]
[PlyCount "167"]
[EventDate "2013.10.13"]
[EventType "team-tourn"]
[EventRounds "9"]
[EventCountry "GER"]
[SourceTitle "EXT 2015"]
[Source "ChessBase"]
[SourceDate "2014.11.20"]
[SourceVersion "1"]
[SourceVersionDate "2014.11.20"]
[SourceQuality "1"]
[WhiteTeam "Schwarzenbach II"]
[BlackTeam "Worms"]
[WhiteTeamCountry "GER"]
[BlackTeamCountry "GER"]

1. d4 Nf6 2. c4 e6 3. Nf3 b6 4. a3 Bb7 5. Nc3 d6 6. d5 e5 7. e4 a5 8. Be2 g6 9. 0-0 Bg7 10. Rb1 0-0 11. b4 Nbd7 12. Qc2 h6 13. Nd2 Nh7 14. Bd3 g5 15. Nd1 Qf6 16. Ne3 Rfc8 17. Be2 axb4 18. axb4 c6 19. Bg4 Rc7 20. Bb2 Nhf8 21. g3 Ng6 22. Ra1 Rxa1 23. Rxa1 Qd8 24. Qd3 Nf6 25. Bf5 Ne7 26. dxc6 Nxc6 27. c5 bxc5 28. bxc5 dxc5 29. Qxd8+ Nxd8 30. Bxe5 Re7 31. Bd6 Re8 32. e5 Nh7 33. Ndc4 Nf8 34. f4 gxf4 35. gxf4 Nde6 36. Ra7 Bf3 37. Kf2 Bh5 38. Kg3 Nd4 39. Bd3 Ng6 40. Nd5 Ne2+ 41. Bxe2 Bxe2 42. Nce3 h5 43. Bxc5 Nxe5 44. Ne7+ Kh7 45. fxe5 Bxe5+ 46. Kf2 Bb5 47. h3 Bb8 48. Rb7 Ba6 49. Rd7 Be5 50. Nc6 Bb5 51. Nxe5 Bxd7 52. Nxd7 Ra8 53. Nf6+ Kg6 54. Ne4 Ra4 55. Kf3 Ra1 56. Nd5 Rf1+ 57. Nf2 Ra1 58. Be3 Ra5 59. Nf4+ Kg7 60. Ne4 h4 61. Bd4+ Kh6 62. Bf6 Ra3+ 63. Kg4 Ra4 64. Bg5+ Kg7 65. Nd6 Ra3 66. Nf5+ Kh7 67. Bxh4 Rb3 68. Ng3 Ra3 69. Bf6 Rb3 70. h4 Rb5 71. Ne4 Rb1 72. Ng5+ Kh6 73. Nxf7+ Kh7 74. h5 Rg1+ 75. Kf5 Rh1 76. Bg5 Ra1 77. Ne5 Rg1 78. Ng4 Rf1 79. Nf6+ Kg7 80. h6+ Kh8 81. Ng4 Kh7 82. Bf6 Rb1 83. Bg7 Rb5+ 84. Ne5 1-0

[Event "Rheinland Pfalz op 3rd"]
[Site "Gau Algesheim"]
[Date "2011.07.29"]
[Round "2"]
[White "Mink, Jens"]
[Black "Barzen, Pascal"]
[Result "1-0"]
[WhiteElo "2203"]
[BlackElo "1995"]
[PlyCount "55"]
[EventDate "2011.07.28"]
[EventType "swiss"]
[EventRounds "7"]
[EventCountry "GER"]
[SourceTitle "EXT 2013"]
[Source "ChessBase"]
[SourceDate "2012.11.22"]
[SourceVersion "1"]
[SourceVersionDate "2012.11.22"]
[SourceQuality "1"]

1. Nc3 d5 2. e4 c6 3. f4 dxe4 4. Nxe4 Nd7 5. Nf3 Ngf6 6. Nf2 e6 7. g3 Bd6 8. Bg2 0-0 9. 0-0 Re8 10. d4 c5 11. c3 Qb6 12. Kh1 cxd4 13. cxd4 Nd5 14. Ne5 N7f6 15. g4 Ne7 16. b3 Rd8 17. Bb2 Nfd5 18. Qf3 Bd7 19. Ne4 Bb5 20. Rf2 Rac8 21. Nxf7 Kxf7 22. Ng5+ Kg8 23. Qe4 Nxf4 24. Qxh7+ Kf8 25. Qh8+ Ng8 26. Nxe6+ Kf7 27. Qxg7+ Kxe6 28. Re1+ 1-0

[Event "Einhausen Ried op 5th"]
[Site "Einhausen"]
[Date "2010.05.01"]
[Round "5"]
[White "Wegerle, Joerg"]
[Black "Mink, Jens"]
[Result "1-0"]
[WhiteElo "2451"]
[BlackElo "2174"]
[PlyCount "109"]
[EventDate "2010.04.29"]
[EventType "swiss"]
[EventRounds "7"]
[EventCountry "GER"]
[SourceTitle "CBM 136 Extra"]
[Source "ChessBase"]
[SourceDate "2010.07.02"]
[SourceVersion "2"]
[SourceVersionDate "2010.07.15"]
[SourceQuality "1"]

1. c4 f5 2. g3 Nf6 3. Bg2 g6 4. Nc3 Bg7 5. d3 d6 6. e4 Nc6 7. Nge2 0-0 8. 0-0 e5 9. h3 f4 10. gxf4 Nh5 11. f5 Qh4 12. Kh2 gxf5 13. exf5 Bxf5 14. Ng3 Bg6 15. Bf3 Nf4 16. Bxf4 Rxf4 17. Nd5 Rf7 18. Be4 Raf8 19. Kg2 Nd4 20. Qg4 Qxg4 21. hxg4 c6 22. Ne3 Ne6 23. Ngf5 Nf4+ 24. Kg3 Rd8 25. Nxg7 Rxg7 26. Rad1 d5 27. cxd5 cxd5 28. Bxg6 Rxg6 29. Rh1 Rf8 30. Rd2 b5 31. f3 d4 32. Ng2 h5 33. Rh4 hxg4 34. Rxg4 Rxg4+ 35. fxg4 Nd5 36. Re2 Re8 37. a3 Kf7 38. Rf2+ Ke6 39. g5 Rh8 40. Nh4 Nf4 41. Kg4 Nxd3 42. Rf6+ Kd5 43. Nf5 Rh1 44. Rd6+ Kc4 45. g6 Nf2+ 46. Kf3 e4+ 47. Kxf2 e3+ 48. Nxe3+ dxe3+ 49. Kxe3 Rg1 50. Kf4 a5 51. Kf5 Rg2 52. Rd8 Kb3 53. Rd5 Ka4 54. Kf6 Rf2+ 55. Rf5 1-0

[Event "Einhausen Ried op 5th"]
[Site "Einhausen"]
[Date "2010.04.30"]
[Round "3"]
[White "Mink, Jens"]
[Black "Dausch, Rene"]
[Result "0-1"]
[WhiteElo "2174"]
[BlackElo "2378"]
[PlyCount "38"]
[EventDate "2010.04.29"]
[EventType "swiss"]
[EventRounds "7"]
[EventCountry "GER"]
[SourceTitle "CBM 136 Extra"]
[Source "ChessBase"]
[SourceDate "2010.07.02"]
[SourceVersion "2"]
[SourceVersionDate "2010.07.15"]
[SourceQuality "1"]

1. Nc3 d5 2. e4 d4 3. Nce2 e5 4. Nf3 f6 5. Ng3 Be6 6. c3 d3 7. b3 Nc6 8. Bb2 Qd7 9. Nh4 0-0-0 10. Rc1 g6 11. c4 Bc5 12. Rc3 Qd4 13. Qf3 Nb4 14. a3 Na2 15. Nhf5 gxf5 16. Nxf5 Qxf2+ 17. Qxf2 Bxf2+ 18. Kxf2 Nxc3 19. Bxc3 Bxf5 0-1

[Event "Einhausen Ried op 5th"]
[Site "Einhausen"]
[Date "2010.04.30"]
[Round "2"]
[White "Mink, Jens"]
[Black "Wegerle, Joerg"]
[Result "0-1"]
[WhiteElo "2174"]
[BlackElo "2451"]
[PlyCount "94"]
[EventDate "2010.04.29"]
[EventType "swiss"]
[EventRounds "7"]
[EventCountry "GER"]
[SourceTitle "CBM 136 Extra"]
[Source "ChessBase"]
[SourceDate "2010.07.02"]
[SourceVersion "2"]
[SourceVersionDate "2010.07.15"]
[SourceQuality "1"]

1. e4 c5 2. Nc3 Nc6 3. g3 g6 4. Bg2 Bg7 5. d3 d6 6. Be3 e5 7. Nd5 Nge7 8. Nxe7 Qxe7 9. Qd2 Be6 10. Bh6 Bxh6 11. Qxh6 0-0-0 12. c4 g5 13. h4 Nd4 14. Kd2 Qc7 15. Ne2 Qa5+ 16. Nc3 g4 17. Rhc1 Rdg8 18. Ke1 Rg6 19. Qd2 Rf6 20. Nd1 Nf3+ 21. Bxf3 Qxd2+ 22. Kxd2 Rxf3 23. Ke2 f5 24. exf5 Bxf5 25. Ne3 Rf8 26. Nxf5 R8xf5 27. Rf1 Kc7 28. Rac1 Kc6 29. Rc3 h5 30. Rb3 Rf7 31. Rc3 a6 32. Ra3 Re7 33. Kd2 Ref7 34. Ke2 R7f6 35. Rc3 b5 36. cxb5+ axb5 37. Ra3 c4 38. dxc4 bxc4 39. Rxf3 Rxf3 40. Rc1 d5 41. Rc3 Rxc3 42. bxc3 d4 43. cxd4 exd4 44. f4 gxf3+ 45. Kxf3 c3 46. Ke2 c2 47. Kd2 d3 0-1

[Event "Hassloch MAT-II"]
[Site "Hassloch"]
[Date "2009.04.03"]
[Round "5"]
[White "Mink, Jens"]
[Black "Kopp, Bjoern"]
[Result "0-1"]
[WhiteElo "2174"]
[BlackElo "1683"]
[PlyCount "58"]
[EventDate "2009.04.03"]
[EventType "tourn"]
[EventRounds "9"]
[EventCountry "GER"]
[SourceTitle "EXT 2011"]
[Source "ChessBase"]
[SourceDate "2010.11.26"]
[SourceVersion "1"]
[SourceVersionDate "2010.11.26"]
[SourceQuality "1"]
[BlackTeam "Schwarzenbach"]
[BlackTeamCountry "GER"]

1. Nc3 Nf6 2. e4 e5 3. f4 d5 4. fxe5 Nxe4 5. Nf3 Nc6 6. d3 Nxc3 7. bxc3 d4 8. cxd4 Bb4+ 9. Bd2 Bxd2+ 10. Qxd2 Nxd4 11. c3 Nxf3+ 12. gxf3 f6 13. Rg1 Qe7 14. 0-0-0 0-0 15. exf6 Qxf6 16. Rg3 Bf5 17. d4 Kh8 18. Bc4 b5 19. Bd5 Rae8 20. Rdg1 c6 21. Bb3 Re7 22. Qf4 c5 23. Rg5 b4 24. Qh4 Bg6 25. Qg3 cxd4 26. Rxg6 Qxg6 27. Qxg6 hxg6 28. Rg3 Rf5 29. cxd4 Re2 0-1

[Event "Hassloch MAT-II"]
[Site "Hassloch"]
[Date "2009.04.03"]
[Round "2"]
[White "Ortinau, Peter"]
[Black "Mink, Jens"]
[Result "0-1"]
[WhiteElo "2098"]
[BlackElo "2174"]
[PlyCount "77"]
[EventDate "2009.04.03"]
[EventType "tourn"]
[EventRounds "9"]
[EventCountry "GER"]
[SourceTitle "EXT 2011"]
[Source "ChessBase"]
[SourceDate "2010.11.26"]
[SourceVersion "1"]
[SourceVersionDate "2010.11.26"]
[SourceQuality "1"]

1. d4 f5 2. g3 g6 3. Bg2 Bg7 4. Nf3 Nf6 5. 0-0 0-0 6. c4 d6 7. Nc3 Qe8 8. d5 a5 9. Rb1 Na6 10. b3 h6 11. a3 g5 12. e3 Bd7 13. b4 Ng4 14. Qb3 Qh5 15. Bb2 f4 16. exf4 gxf4 17. Ne2 Be5 18. h3 Nf6 19. g4 Bxg4 20. hxg4 Nxg4 21. Bxe5 dxe5 22. Qd3 Kh8 23. Rfd1 Rg8 24. Kf1 Nf6 25. Nd2 Rxg2 26. Kxg2 Rg8+ 27. Ng3 fxg3 28. fxg3 axb4 29. axb4 Nxb4 30. Qf3 c5 31. Rh1 Qg6 32. Rbe1 Nd3 33. Re3 Nf4+ 34. Kf1 N4h5 35. g4 Nxg4 36. Rg1 Nxe3+ 37. Qxe3 Qf5+ 38. Ke1 Rxg1+ 39. Qxg1 0-1

[Event "Oberliga Sued W 0708"]
[Site "Germany"]
[Date "2008.02.10"]
[Round "6.6"]
[White "Kessler, Andreas"]
[Black "Mink, Jens"]
[Result "0-1"]
[WhiteElo "2135"]
[BlackElo "2190"]
[PlyCount "148"]
[EventDate "2007.10.21"]
[EventType "team-tourn"]
[EventRounds "9"]
[EventCountry "GER"]
[SourceTitle "EXT 2009"]
[Source "ChessBase"]
[SourceDate "2008.11.26"]
[SourceVersion "1"]
[SourceVersionDate "2008.11.26"]
[SourceQuality "1"]
[WhiteTeam "Kaiserslautern"]
[BlackTeam "Ludwigshafen"]
[WhiteTeamCountry "GER"]
[BlackTeamCountry "GER"]

1. d4 d6 2. Nc3 c6 3. e4 Qc7 4. Be3 Nd7 5. Qd2 Ngf6 6. f3 e5 7. d5 Be7 8. Bc4 Nb6 9. Bb3 0-0 10. 0-0-0 c5 11. Nb5 Qd8 12. c4 Re8 13. Ne2 Nbd7 14. g4 Nf8 15. h4 h5 16. g5 N6h7 17. Ng3 g6 18. Rdg1 Nd7 19. Bd1 Bf8 20. Be2 a6 21. Na3 Bg7 22. Rg2 Ndf8 23. Bd3 Bd7 24. Qe2 Qe7 25. Kb1 Reb8 26. Bc1 b5 27. cxb5 axb5 28. Nxb5 Ra4 29. Nc3 Rab4 30. a3 Rb3 31. Ka2 Qd8 32. Qc2 R3b7 33. Bc4 Be8 34. Qd3 Qa5 35. Nf1 Nd7 36. Ne3 Nhf8 37. Ba6 Rb4 38. Bc4 Nb6 39. Rd1 Bd7 40. Qe2 Na8 41. Bd3 R4b7 42. Nc4 Qc7 43. Rf2 Nb6 44. Nxb6 Qxb6 45. Bc4 Ra7 46. b3 Bc8 47. Nb5 Ra5 48. a4 Bd7 49. Ba3 Be8 50. Rdf1 Nd7 51. Qd3 Bf8 52. Bb2 Qd8 53. Qc3 Raa8 54. f4 Nb6 55. Na3 Bg7 56. f5 f6 57. gxf6 Qxf6 58. Qg3 Bxa4 59. fxg6 Qd8 60. bxa4 Nxc4 61. Nxc4 Rxa4+ 62. Na3 Rxe4 63. Qf3 Rxh4 64. Qf7+ Kh8 65. Qa7 Rhb4 66. Rf8+ Qxf8 67. Rxf8+ Rxf8 68. Qc7 Rf2 69. Qd8+ Bf8 70. Nc4 Rxc4 71. Qd7 Bg7 72. Qd8+ Rf8 73. Qxd6 Ra8+ 74. Kb1 Rb4 0-1

[Event "Oberliga Sued W 0607"]
[Site "Germany"]
[Date "2006.10.29"]
[Round "2.5"]
[White "Mink, Jens"]
[Black "Becker, Joerg"]
[Result "1-0"]
[WhiteElo "2149"]
[BlackElo "2113"]
[PlyCount "59"]
[EventDate "2006.10.15"]
[EventType "team-tourn"]
[EventRounds "9"]
[EventCountry "GER"]
[SourceTitle "EXT 2009"]
[Source "ChessBase"]
[SourceDate "2008.11.26"]
[SourceVersion "1"]
[SourceVersionDate "2008.11.26"]
[SourceQuality "1"]
[WhiteTeam "Ludwigshafen"]
[BlackTeam "Schwarzenbach"]
[WhiteTeamCountry "GER"]
[BlackTeamCountry "GER"]

1. Nf3 d5 2. g3 Nc6 3. Bg2 Bg4 4. 0-0 e5 5. d3 Qd7 6. Nbd2 Bh3 7. Bxh3 Qxh3 8. c4 d4 9. Qa4 h5 10. Nxe5 Nge7 11. Ndf3 f6 12. Nxc6 bxc6 13. Bf4 g5 14. Bxc7 Qd7 15. Bb6 h4 16. Bxd4 Rh6 17. Bc5 Ng6 18. Bxf8 Kxf8 19. Qb4+ Kg7 20. Qc5 Rd8 21. e3 g4 22. Nd4 Ne5 23. f4 gxf3 24. Nxf3 Nxd3 25. Qd4 hxg3 26. Rad1 Qc7 27. Rxd3 gxh2+ 28. Kh1 Rxd4 29. Nxd4 Rg6 30. Ne6+ 1-0

[Event "RLP-ch MTA"]
[Site "Kaiserslautern"]
[Date "2006.08.17"]
[Round "9"]
[White "Mink, Jens"]
[Black "Mueller, Markus"]
[Result "0-1"]
[WhiteElo "2149"]
[BlackElo "2167"]
[PlyCount "96"]
[EventDate "2006.08.11"]
[EventType "tourn"]
[EventRounds "11"]
[EventCountry "GER"]
[SourceTitle "EXT 2009"]
[Source "ChessBase"]
[SourceDate "2008.11.26"]
[SourceVersion "1"]
[SourceVersionDate "2008.11.26"]
[SourceQuality "1"]

1. e4 c5 2. Nc3 e6 3. f4 Nc6 4. Nf3 a6 5. g3 d5 6. Bg2 dxe4 7. Nxe4 Nf6 8. Nf2 Be7 9. 0-0 0-0 10. d3 Rb8 11. g4 b6 12. g5 Nd7 13. Nh4 Bb7 14. c3 e5 15. Qh5 g6 16. Qh6 exf4 17. Ne4 Nce5 18. Rxf4 f5 19. gxf6 Bxf6 20. Nxf6+ Rxf6 21. Rxf6 Nxf6 22. Qf4 Nfd7 23. Be3 Bxg2 24. Nxg2 Qe7 25. Qa4 Rf8 26. Qxa6 Nf3+ 27. Kh1 Qe5 28. Qc4+ Kg7 29. Bf4 Qh5 30. Bg3 Nde5 31. Qe4 Ng4 32. Nf4 Nf2+ 33. Kg2 Nxe4 34. Nxh5+ gxh5 35. dxe4 h4 36. Bc7 Ng5 37. a4 h3+ 38. Kg1 Nxe4 39. Re1 Nd2 40. Re7+ Kg8 41. Re1 Nf3+ 42. Kf2 Nxe1+ 43. Kxe1 Rf6 44. b4 Rc6 45. Bd8 Kf7 46. b5 Re6+ 47. Kf2 Ke8 48. Bc7 Kd7 0-1

[Event "RLP-ch MTA"]
[Site "Kaiserslautern"]
[Date "2006.08.13"]
[Round "5"]
[White "Mink, Jens"]
[Black "Armbrust, Florian"]
[Result "1-0"]
[WhiteElo "2149"]
[BlackElo "2278"]
[PlyCount "61"]
[EventDate "2006.08.11"]
[EventType "tourn"]
[EventRounds "11"]
[EventCountry "GER"]
[SourceTitle "EXT 2009"]
[Source "ChessBase"]
[SourceDate "2008.11.26"]
[SourceVersion "1"]
[SourceVersionDate "2008.11.26"]
[SourceQuality "1"]

1. Nf3 Nf6 2. g3 g6 3. Bg2 Bg7 4. 0-0 0-0 5. d3 d5 6. Nbd2 Nc6 7. e4 e5 8. c3 Re8 9. Re1 h6 10. b4 d4 11. cxd4 Nxd4 12. Bb2 Nc6 13. b5 Nb4 14. Nxe5 Nxd3 15. Nxd3 Qxd3 16. Bf1 Qd8 17. Qc2 Be6 18. Nc4 Nd7 19. Bxg7 Kxg7 20. Na5 b6 21. Nc6 Qg5 22. Qb2+ Kg8 23. f4 Qc5+ 24. Kh1 Qh5 25. Bg2 Nc5 26. Rad1 Bg4 27. Rd2 Bf5 28. Qf6 Nxe4 29. Ne7+ Kf8 30. Rxe4 Bxe4 31. Bxe4 1-0

[Event "GER-ch U18"]
[Site "Willingen"]
[Date "2005.05.19"]
[Round "7"]
[White "Mink, Jens"]
[Black "Hoffmann, Udo"]
[Result "1-0"]
[WhiteElo "2002"]
[BlackElo "2196"]
[PlyCount "91"]
[EventDate "2005.05.14"]
[EventType "swiss"]
[EventRounds "9"]
[EventCountry "GER"]
[SourceTitle "CBM 106 Extra"]
[Source "ChessBase"]
[SourceDate "2005.07.01"]
[SourceVersion "1"]
[SourceVersionDate "2005.07.01"]
[SourceQuality "1"]

1. e4 c5 2. Nc3 e6 3. g3 d5 4. d3 Nf6 5. Bg2 Nc6 6. f4 dxe4 7. dxe4 Qxd1+ 8. Nxd1 e5 9. Ne3 Bd6 10. Ne2 0-0 11. c3 Re8 12. f5 b6 13. g4 Ba6 14. Ng3 h6 15. h4 Nd4 16. g5 hxg5 17. hxg5 Ng4 18. cxd4 exd4 19. Nxg4 Bxg3+ 20. Kd1 Bb7 21. Rh3 Bd6 22. Nf2 Rad8 23. Bd2 c4 24. Ke2 f6 25. gxf6 d3+ 26. Kf3 Re5 27. Kg4 g6 28. Rah1 gxf5+ 29. Kg5 Kf7 30. Rh7+ Ke6 31. Bh3 Rg8+ 32. Rg7 Rxg7+ 33. fxg7 Kf7 34. Bxf5 Rxf5+ 35. exf5 Bxh1 36. Nxh1 Be5 37. Bc3 Bxc3 38. bxc3 b5 39. Kf4 b4 40. cxb4 d2 41. Nf2 c3 42. Ke3 d1Q 43. Nxd1 c2 44. Kd2 cxd1Q+ 45. Kxd1 Kxg7 46. Kc2 1-0

[Event "GER-ch U18"]
[Site "Willingen"]
[Date "2005.05.14"]
[Round "1"]
[White "Mink, Jens"]
[Black "Behm, Simon"]
[Result "0-1"]
[WhiteElo "2002"]
[BlackElo "2214"]
[PlyCount "74"]
[EventDate "2005.05.14"]
[EventType "swiss"]
[EventRounds "9"]
[EventCountry "GER"]
[SourceTitle "CBM 106 Extra"]
[Source "ChessBase"]
[SourceDate "2005.07.01"]
[SourceVersion "1"]
[SourceVersionDate "2005.07.01"]
[SourceQuality "1"]

1. Nc3 d5 2. e4 dxe4 3. Nxe4 Bf5 4. Ng3 Bg6 5. Bc4 e6 6. Nf3 Nd7 7. d3 Ngf6 8. Qe2 Be7 9. Bd2 c5 10. h4 h6 11. h5 Bh7 12. Bc3 Qc7 13. Ne5 Nxe5 14. Bxe5 Qc6 15. 0-0 b5 16. Bb3 0-0 17. a4 a6 18. Rfd1 Rfd8 19. c3 Rd7 20. d4 Rad8 21. axb5 axb5 22. c4 cxd4 23. cxb5 Qb7 24. Bc4 d3 25. Qf3 Qxf3 26. gxf3 d2 27. b6 Bc2 28. Bc7 Bxd1 29. Rxd1 Rf8 30. Ne4 Nxe4 31. fxe4 Rd4 32. Ba6 Bd8 33. f3 Ra4 34. Bb5 Rb4 35. Rxd2 Bxc7 36. bxc7 Rxb5 37. Rd8 Rc5 0-1

[Event "RLP-ch MTA 24th"]
[Site "Kaiserslautern"]
[Date "2005.??.??"]
[Round "3"]
[White "Mink, Jens"]
[Black "Dietzsch, Herbert"]
[Result "1/2-1/2"]
[WhiteElo "2075"]
[BlackElo "2210"]
[PlyCount "117"]
[EventDate "2005.??.??"]
[EventType "tourn"]
[EventRounds "11"]
[EventCountry "GER"]
[SourceTitle "EXT 2009"]
[Source "ChessBase"]
[SourceDate "2008.11.26"]
[SourceVersion "1"]
[SourceVersionDate "2008.11.26"]
[SourceQuality "1"]

1. d4 Nf6 2. c4 e6 3. Nc3 Bb4 4. e3 0-0 5. Bd3 d5 6. Nge2 c5 7. a3 Bxc3+ 8. bxc3 b6 9. 0-0 Bb7 10. cxd5 exd5 11. Ng3 Nbd7 12. a4 Re8 13. Nf5 Qc7 14. Ba3 g6 15. Ng3 Kg7 16. Rc1 c4 17. Bb1 h5 18. Re1 h4 19. Nf1 Rh8 20. f3 Rae8 21. Rc2 Nh5 22. Rf2 Ndf6 23. Nd2 Qc6 24. e4 Nf4 25. e5 N6h5 26. Nf1 Qe6 27. Ne3 Bc8 28. Ng4 Qc6 29. Bc1 Bf5 30. Bxf5 gxf5 31. Nf6 Re6 32. Nxh5+ Nxh5 33. Bg5 Rg6 34. f4 Kg8 35. Bxh4 Rg4 36. Bg5 Ng7 37. Bf6 Rh6 38. Bxg7 Kxg7 39. g3 Rh5 40. Ree2 Rh6 41. Ra2 a6 42. Qc2 Qd7 43. Qb1 Rgg6 44. Rfb2 Kg8 45. Rb4 Kg7 46. Kg2 Kg8 47. Kf3 Rc6 48. Qf1 Kf8 49. Rbb2 Rcg6 50. Rg2 Qe6 51. Rg1 Rh7 52. h3 Rgh6 53. Rh1 Qg6 54. Qg2 Rxh3 55. Rxh3 Qg4+ 56. Kf2 Rxh3 57. Re2 Rh6 58. Re1 Qg6 59. Rh1 1/2-1/2

[Event "RLP-ch MTA 24th"]
[Site "Kaiserslautern"]
[Date "2005.??.??"]
[Round "5"]
[White "Mink, Jens"]
[Black "Gnichtel, Gerd"]
[Result "0-1"]
[WhiteElo "2075"]
[BlackElo "2225"]
[PlyCount "68"]
[EventDate "2005.??.??"]
[EventType "tourn"]
[EventRounds "11"]
[EventCountry "GER"]
[SourceTitle "EXT 2009"]
[Source "ChessBase"]
[SourceDate "2008.11.26"]
[SourceVersion "1"]
[SourceVersionDate "2008.11.26"]
[SourceQuality "1"]

1. d4 Nf6 2. c4 g6 3. Nc3 Bg7 4. e4 d6 5. f4 0-0 6. Nf3 c5 7. d5 e6 8. Be2 exd5 9. cxd5 Bg4 10. 0-0 Nbd7 11. Re1 Re8 12. h3 Bxf3 13. Bxf3 c4 14. Be3 a6 15. a4 Qc7 16. Bd4 Nc5 17. e5 Nd3 18. Re3 Nd7 19. exd6 Qxd6 20. Rxe8+ Rxe8 21. Bxg7 Re1+ 22. Qxe1 Nxe1 23. Rxe1 Kxg7 24. Rd1 Qb6+ 25. Kf1 Qxb2 26. Ne2 b5 27. axb5 axb5 28. d6 c3 29. Bc6 c2 30. Rc1 b4 31. Bxd7 b3 32. Re1 Qa3 33. Bb5 b2 34. d7 Qd6 0-1

[Event "RLP-ch MTA 24th"]
[Site "Kaiserslautern"]
[Date "2005.??.??"]
[Round "10"]
[White "Mink, Jens"]
[Black "Muranyi, Karl Jasmin"]
[Result "1/2-1/2"]
[WhiteElo "2075"]
[BlackElo "2345"]
[PlyCount "26"]
[EventDate "2005.??.??"]
[EventType "tourn"]
[EventRounds "11"]
[EventCountry "GER"]
[SourceTitle "EXT 2009"]
[Source "ChessBase"]
[SourceDate "2008.11.26"]
[SourceVersion "1"]
[SourceVersionDate "2008.11.26"]
[SourceQuality "1"]
[BlackTeam "Illingen"]
[BlackTeamCountry "GER"]

1. d4 c5 2. d5 e5 3. e4 d6 4. Nc3 Be7 5. Nf3 Nf6 6. Be2 0-0 7. 0-0 Nbd7 8. Nd2 Re8 9. Nc4 Nb6 10. Re1 Nxc4 11. Bxc4 a6 12. a4 b6 13. h3 Qc7 1/2-1/2

[Event "Karl Mala Memorial op 08th"]
[Site "Frankfurt"]
[Date "2004.07.24"]
[Round "4"]
[White "Mink, Jens"]
[Black "Uwira, Oliver"]
[Result "0-1"]
[WhiteElo "1805"]
[BlackElo "2179"]
[PlyCount "108"]
[EventDate "2004.07.22"]
[EventType "swiss"]
[EventRounds "7"]
[EventCountry "GER"]
[SourceTitle "EXT 2005"]
[Source "ChessBase"]
[SourceDate "2004.11.15"]
[SourceVersion "1"]
[SourceVersionDate "2004.11.15"]
[SourceQuality "1"]

1. e4 c5 2. Nf3 Nc6 3. d4 cxd4 4. Nxd4 Nf6 5. Nc3 e5 6. Ndb5 d6 7. Bg5 a6 8. Na3 b5 9. Nd5 Be7 10. Bxf6 Bxf6 11. c3 0-0 12. Be2 Bg5 13. 0-0 Ne7 14. Nxe7+ Qxe7 15. Qd3 Be6 16. c4 b4 17. Nc2 a5 18. Rfd1 Qb7 19. Ne3 Bxe3 20. Qxe3 Rfc8 21. Rxd6 Bxc4 22. Rad1 h6 23. Bg4 Rc6 24. Rxc6 Qxc6 25. Rc1 Qa6 26. b3 Be6 27. Bxe6 Qxe6 28. Qc5 Qf6 29. Qd5 Rd8 30. Qxa5 Rd4 31. h3 Qf4 32. Re1 Kh7 33. Qa8 Qd2 34. Re3 Qc1+ 35. Kh2 Qf1 36. Rf3 Rd1 37. Rxf7 Qh1+ 38. Kg3 Rg1 39. Kf3 Qxg2+ 40. Ke3 Re1+ 41. Kd2 Rxe4 42. Rf8 Qg5+ 43. Kc2 Re2+ 44. Kd3 Rd2+ 45. Kc4 Rc2+ 46. Kd5 e4+ 47. Ke6 Qg6+ 48. Kd5 Rd2+ 49. Kc4 Qe6+ 50. Kb5 Qd7+ 51. Kxb4 Qd6+ 52. Kb5 Rd5+ 53. Ka4 Rd4+ 54. Ka5 Qb4+ 0-1

[Event "Karl Mala Memorial op 08th"]
[Site "Frankfurt"]
[Date "2004.07.23"]
[Round "2"]
[White "Diehl, Werner"]
[Black "Mink, Jens"]
[Result "1-0"]
[WhiteElo "1939"]
[BlackElo "1805"]
[PlyCount "57"]
[EventDate "2004.07.22"]
[EventType "swiss"]
[EventRounds "7"]
[EventCountry "GER"]
[SourceTitle "EXT 2005"]
[Source "ChessBase"]
[SourceDate "2004.11.15"]
[SourceVersion "1"]
[SourceVersionDate "2004.11.15"]
[SourceQuality "1"]

1. d4 e6 2. c4 f5 3. Nc3 d5 4. Nf3 Nf6 5. Bg5 c6 6. c5 Be7 7. e3 Nbd7 8. b4 b6 9. Qa4 Bb7 10. Ba6 Bxa6 11. Qxa6 Qc8 12. Qxc8+ Rxc8 13. Bxf6 Bxf6 14. Kd2 Kf7 15. h4 h5 16. g3 Ra8 17. Rab1 a5 18. bxa5 Rxa5 19. cxb6 Rb8 20. b7 Ra7 21. Rhc1 c5 22. Rc2 Raxb7 23. Rxb7 Rxb7 24. dxc5 Nxc5 25. Nd4 Rb4 26. Nce2 Ne4+ 27. Kc1 Nxf2 28. Rc7+ Be7 29. Rxe7+ 1-0

[Event "Karl Mala Memorial op 08th"]
[Site "Frankfurt"]
[Date "2004.07.23"]
[Round "3"]
[White "Mink, Jens"]
[Black "Haun, Klaus"]
[Result "1-0"]
[WhiteElo "1805"]
[BlackElo "1545"]
[PlyCount "79"]
[EventDate "2004.07.22"]
[EventType "swiss"]
[EventRounds "7"]
[EventCountry "GER"]
[SourceTitle "EXT 2005"]
[Source "ChessBase"]
[SourceDate "2004.11.15"]
[SourceVersion "1"]
[SourceVersionDate "2004.11.15"]
[SourceQuality "1"]

1. e4 g6 2. d4 Bg7 3. Be3 d6 4. Nc3 Nf6 5. f3 Nc6 6. Qd2 Bd7 7. Nge2 0-0 8. g4 Ne8 9. Ng3 e6 10. Bb5 Ne7 11. Bxd7 Qxd7 12. 0-0-0 b6 13. h4 f6 14. Bh6 Rf7 15. Bxg7 Rxg7 16. g5 f5 17. h5 c6 18. hxg6 hxg6 19. Qh2 Kf7 20. Nce2 Nc7 21. Nf4 Rag8 22. Nd3 Ke8 23. Qd2 Nb5 24. Qe3 Qc8 25. c4 Nc7 26. Kb1 Kd7 27. Qd2 Ne8 28. Qb4 Kc7 29. c5 d5 30. cxb6+ axb6 31. Rc1 Qb7 32. Ne5 Nd6 33. exd5 exd5 34. Ne2 Ra8 35. Nf4 Qc8 36. Rxc6+ Nxc6 37. Nxd5+ Kb8 38. Qxb6+ Qb7 39. Rh8+ Nc8 40. Nxc6# 1-0